| 000 | 00775nam a2200205 a 4500 | ||
|---|---|---|---|
| 003 | 0 | ||
| 005 | 20250224100607.0 | ||
| 008 | 111114s19uu xx 00 eng d | ||
| 050 |
_aPGS LB 1590.5 _b.Ar683 2011 |
||
| 100 | _aArevalo, Abegail A. | ||
| 245 |
_aTypes of performing arts and self confidence of SISC grade 6 students / _cAbegail A. Arevalo. |
||
| 260 |
_aLas PiƱas City, Philippines : _bSouthville International School and Colleges, _c2011. |
||
| 300 |
_a24 pages : _billustrations ; _c28 cm. |
||
| 504 | _aIncludes bibliographical references. | ||
| 650 |
_aPerforming arts _vStudy and teaching. |
||
| 650 | _aSelf-confidence in children. | ||
| 650 |
_aSchool children _vPsychology. |
||
| 650 |
_aPerforming arts _vPsychological aspects. |
||
| 942 |
_2lcc _cPASS |
||
| 999 |
_c98616 _d98616 |
||